| 000 | 00963cab a22002055a 4500 | ||
|---|---|---|---|
| 001 | L153273 | ||
| 008 | 110704e20110702xxk 000 0 eng d | ||
| 035 | _a(Sirsi) u153273 | ||
| 041 | 0 | _aeng | |
| 100 | 1 | _aMackmin, David | |
| 245 | 0 | 0 | _aRead now or be at risk |
| 260 | _c2011 | ||
| 490 |
_aEstates Gazette _v(1126) 2 July 2011, 80-81(2) |
||
| 520 | _aDiscusses the use of GN7 Discounted cash flow for commercial property investment published in "Valuation Standards Global and UK" (Red Book) 7th ed 2011 (L152777) sets out discounted cash flow (DCF) as a method of valuation for commerial property investments. Explains the importance of DCF methodology in the current commercial property investments. (See also "Income approach to property valuation" 6th ed L152661) | ||
| 590 | _aKA | ||
| 650 | 2 | 4 | _aINCOME APPROACH TO PROPERTY VALUATION |
| 651 | 4 |
_aEngland _y886- |
|
| 690 | _aENVIRONMENT AND LAND CONSULTANCY-PLANNING AND DEVELOPMENT | ||
| 942 | _n0 | ||
| 999 |
_c83248 _d83248 |
||